Donkey's Hide

Bibliographic Details
Main Author: Airich, Rinz
Format: Book
Published: Kuala Lumpur : Dilto Book Centre , 2004
Series:My english stories
Subjects:

MARC

LEADER 00000cam a2200000 7i4500
001 0000001580
005 20220105103922.0
008 070706
020 |a 9831281543 
090 0 0 |a JP   |b ENG (1665) 
100 1 |a Airich, Rinz 
245 1 0 |a Donkey's Hide   |c Rinz Airich 
260 |a Kuala Lumpur :   |b Dilto Book Centre ,   |c 2004 
440 |a My english stories 
500 |a Children age 4-6 years old (yellow) 
650 0 |a Junior fiction 
999 |a 0000962198   |b Book   |c Children Collection   |e Perbadanan Perpustakaan Awam Johor 
999 |a 0000962199   |b Book   |c Children Collection   |e Perbadanan Perpustakaan Awam Johor 
999 |a 0000966346   |b Book   |c Children Collection   |e Cawangan Mersing 
999 |a 0000966347   |b Book   |c Children Collection   |e Cawangan Pontian 
999 |a 0000966349   |b Book   |c Children Collection   |e Cawangan Taman Universiti 
999 |a 0001042616   |b Book   |c Children Collection   |e Cawangan Taman Universiti